| 000 | 00727nam a2200253 i 4500 | ||
|---|---|---|---|
| 001 | 7812 | ||
| 003 | ES-MaACL | ||
| 005 | 20230906145322.0 | ||
| 008 | 910512s1990 sp ||||1| spa d | ||
| 020 | _a84-239-2453-X | ||
| 080 | _a321.11 | ||
| 080 | _a392.3(09) | ||
| 100 | 1 |
_aCasey, James. _936307 |
|
| 245 | 1 | 0 |
_aHistoria de la familia / _cJames Casey ; traduccion, Juan Luque. |
| 260 |
_aMadrid : _bEspasa-Calpe, _c[1990] |
||
| 300 |
_a269 p. ; _c24 cm. |
||
| 490 | 1 | _aEspasa mañana. Ensayo | |
| 504 | _aBibliografía: p. 254-265. | ||
| 650 | 4 |
_aFamilias- _vHistoria. _9172435 |
|
| 700 | 1 |
_aLuque, Juan. _974818 |
|
| 830 | 1 |
_aEspasa mañana. Ensayo _9180517 |
|
| 852 |
_aES-MaACL _jL-15090 |
||
| 999 |
_c7812 _d7812 |
||